Winning the children. (Record no. 9089)

000 -LEADER
fixed length control field 00560nam a2200193 a 4500
001 - CONTROL NUMBER
control field :::00006870$&:&@@
003 - CONTROL NUMBER IDENTIFIER
control field OkBaRHE
005 - DATE AND TIME OF LATEST TRANSACTION
control field 20000607103333.0
008 - FIXED-LENGTH DATA ELEMENTS--GENERAL INFORMATION
fixed length control field s1953 j 000 0 eng u
040 ## - CATALOGING SOURCE
Transcribing agency
100 1# - MAIN ENTRY--PERSONAL NAME
Personal name Dobbins, Gaines S.
245 10 - TITLE STATEMENT
Title Winning the children.
260 ## - PUBLICATION, DISTRIBUTION, ETC. (IMPRINT)
Place of publication, distribution, etc Nashville, TN.,
Name of publisher, distributor, etc Broadman Press
Date of publication, distribution, etc c1953
300 ## - PHYSICAL DESCRIPTION
Extent 172 p. ;
Dimensions 21 cm.
650 ## - SUBJECT ADDED ENTRY--TOPICAL TERM
Topical term or geographic name as entry element Children
650 ## - SUBJECT ADDED ENTRY--TOPICAL TERM
Topical term or geographic name as entry element Church Work with Children
942 ## - ADDED ENTRY ELEMENTS (KOHA)
Source of classification or shelving scheme
Koha item type Books
Copies
Withdrawn status Copy number Date last seen Permanent Location Lost status Date acquired Shelving location Koha item type Not for loan Full call number Damaged status Source of classification or shelving scheme Barcode Price effective from
 12010-04-14RHEMA Bible Training College 2010-04-14General StacksBooks BV 639 .C4D6  68702010-04-14